Načítá se...
Prathimayum raajakumariyum
| Hlavní autor: | |
|---|---|
| Médium: | Printed Book |
| Vydáno: |
Kottayam, N B S
1991
|
| Témata: |
| LEADER | 004830000a22001690004500 | ||
|---|---|---|---|
| 022 | |a 22-07-2004 | ||
| 041 | |a Malayalam | ||
| 082 | |a A3 PAD/P N1 | ||
| 100 | |a Padmarajan, P | ||
| 245 | |a Prathimayum raajakumariyum | ||
| 260 | |a Kottayam, N B S | ||
| 260 | |c 1991 | ||
| 650 | |a Malayalam literature | ||
| 650 | |a Novel | ||
| 942 | |c BK | ||
| 999 | |c 144522 |d 144518 | ||
| 952 | |0 0 |1 0 |4 0 |6 A_3_000000000000000_PAD_P_N1 |7 0 |9 143299 |a SCC |b SCC |d 2017-10-11 |l 0 |o A3 PAD/P N1 |p SCC06463 |r 2017-10-11 |w 2017-10-11 |y BK | ||